Greater love hath no man: (Record no. 12250)

000 -LEADER
fixed length control field 00608nam a2200193 a 4500
001 - CONTROL NUMBER
control field :::00010052$&:&@@
003 - CONTROL NUMBER IDENTIFIER
control field OkBaRHE
005 - DATE AND TIME OF LATEST TRANSACTION
control field 20000607103355.0
008 - FIXED-LENGTH DATA ELEMENTS--GENERAL INFORMATION
fixed length control field s1947 j 000 0 eng u
040 ## - CATALOGING SOURCE
Transcribing agency
100 1# - MAIN ENTRY--PERSONAL NAME
Personal name Walker, Martin.
245 10 - TITLE STATEMENT
Title Greater love hath no man:
Remainder of title a series of Lenten sermons.
260 ## - PUBLICATION, DISTRIBUTION, ETC. (IMPRINT)
Place of publication, distribution, etc Saint Louis, MO., :
Name of publisher, distributor, etc Concordia Publishing House
Date of publication, distribution, etc 1947
300 ## - PHYSICAL DESCRIPTION
Extent 106 p. ;
Dimensions 20 cm.
650 ## - SUBJECT ADDED ENTRY--TOPICAL TERM
Topical term or geographic name as entry element Lenten Sermons
650 ## - SUBJECT ADDED ENTRY--TOPICAL TERM
Topical term or geographic name as entry element Sermons, American
942 ## - ADDED ENTRY ELEMENTS (KOHA)
Source of classification or shelving scheme
Koha item type Books
Copies
Date acquired Lost status Damaged status Price effective from Permanent Location Koha item type Source of classification or shelving scheme Not for loan Withdrawn status Shelving location Copy number Full call number Barcode Date last seen
2010-04-14  2010-04-14RHEMA Bible Training CollegeBooks   General Stacks1BV 4277 .W3G7100522010-04-14